[Event "Turnier 40/120"]
[Site "Wien"]
[Date "2021.04.26"]
[Round "14"]
[White "MCGE ARM CORTEX M7 - 300 MHZ"]
[Black "Mephisto Phönix - TASC R40 V 2.5 AKTIV - 40 MHZ"]
[Result "1/2-1/2"]
[BlackElo "2401"]
[WhiteElo "2405"]

{Analyse ----> Komodo 13.02.} 1. d4 d5 2. Nf3 Nc6 3. c4 Bg4 {Buchende} 4.
Ne5 Nxe5 {Buchbewertung Tasc R40 V 2.5: +0,12} 5. dxe5 {Buchende} dxc4 6.
Qa4+ {Buchbewertung MCGE: -0,39 / lt. Komodo ist die Stellung etwa gleich}
c6 7. Qxc4 Be6 8. Qc3 Qd5 9. Bf4 g5 10. Bxg5 f6 11. Bf4 Bh6? {ein schwacher
Zug, danach steht Weiss klar besser, Komodo -1,00 mit der Fortsetzung Lxh6,
deutlich besser ist Lg7} 12. Bxh6 Nxh6 13. exf6 O-O-O 14. Nd2 exf6 15. e4
{nicht optimal, besser ist e3, Komodo +0,50} Qd4 16. Rc1 Rhe8 17. f3 Qd6
{nicht ideal, besser ist f5} 18. Bc4 f5 19. Bxe6+ {besser ist Le2, die
Stellung ist wieder im Lot} Rxe6 20. Ke2 Nf7 21. Rcd1 Qe7 22. Qe3 Nd6 23.
Qxa7??? {ein Verlustzug, danach ist die Partie bereits verloren, Komodo
-2,50 mit der Fortsetzung Dg7, nötig war The1 mit Ausgleich} Qg7 {Der Tasc
spielt die richtige Fortsetzung sieht allerdings hier noch keinen großen
Vorteil, Tasc +0,08 (Stockfish +4,60)} 24. Kf1 Qxb2?? {ein ganz schlechter
Zug, der Weiss noch am Leben lässt, Komodo +1,10, sofort gewonnen hätte Sb5
mit ca. +4,00} 25. Qa8+ Kc7 26. Qa5+ b6 27. Nc4 bxa5 28. Nxb2 fxe4 29. Re1?
{ein Verlustzug, danach ist die Partie bereits verloren, Komodo -2,00,
deutlich besser ist Sa4 mit ca. -1,00} e3 30. a4 Re7??? {also hier hat der
Tasc R40 wirklich RIESENPECH, er verwirft den Gewinnzug 30. Sf5, den er bis
ganz zum Schluss als besten hatte mit einer Bewertung von +0,91 und ersetzt
diesen praktisch in letzter Sekunde durch den Textzug, den er um +0,01
besser also mit +0,92 bewertet, diese Fehlentscheidung kostet ihm ganze 3
Bauerneinheiten !!, nach Sf5 wäre Schwarz bereits spielentscheidend mit
+3,50 im Vorteil gewesen, nach dem Textzug nur noch knapp mit ca. +0,50}
31. g4 c5 32. Rc1 Kc6 33. Kg2!! {an dieser Stelle liefert jetzt MCGE eine
Überraschung, denn es ist nicht TASC R40, der die Abweichung zur Partie
gegen den R30 produziert, die bis zu diesem Zeitpunkt exakt gleich
verlierf, sondern der MCGE, das kann nur mit den unterschiedlich
verwendeten Bedenkzeiten zu tun haben, gegen den R30 spielte er den weitaus
schlechteren Zug 33. Ke1 ??, danach wäre Schwarz wieder klar im Vorteil
gewesen, nach dem Textzug ist Schwarz nur knapp im Vorteil mit ca. +0,30}
Rb8 34. Rc2 Re5 35. Re1 Rb3 36. Nd1 Re8 37. Nb2 h6 38. Rec1 Kb6 39. Re2 Re5
40. Kg3 Re7 41. h4 Kc6 42. Rce1 Re6 43. Kg2 Rb4 44. Kg3 Re8 45. Nd1 Rxa4
46. Rxe3 Ra1 47. Rxe8 Nxe8 48. Rxe8 Rxd1 49. g5 {die Stellung ist Remis,
Komodo 0,00} hxg5 50. hxg5 Rg1+ 51. Kf4 c4 52. Rc8+ Kb5 53. Rb8+ Kc5 54.
Rc8+ Kb4 55. Rb8+ Ka3 56. Rc8 Kb3 57. Rb8+ Kc2 58. Ke3 Rxg5 59. Kd4 Rf5 60.
Kxc4 Rf4+ 61. Kc5 a4 62. Ra8 Kb3 63. Rb8+ Kc3 64. Ra8 Rf5+ 65. Kd6 Kb4 66.
Rb8+ Rb5 67. Re8 a3 68. Re4+ Kb3 69. Re3+ Ka4 70. Re4+ Rb4 71. Re2 Kb3 72.
Re3+ Kb2 73. Re2+ Ka1 74. Kc5 Rb2 75. Re3 a2 76. Kc4 Kb1 77. Re1+ Kc2 78.
Ra1 Kd2 79. f4 Ke3 80. f5 Ke4 81. f6 Rf2 82. f7 Rxf7 83. Rxa2 1/2-1/2
[/PGN]
[pgn]

[Event "Turnier 40 / 120"]
[Site "Wien"]
[Date "2023.03.01"]
[Round "15"]
[White "Mephisto Phönix - Tasc R40 V 2.5 Aktiv - 40 MHZ"]
[Black "MCGE ARM CORTEX M7 - 300 MHZ"]
[Result "1-0"]
[BlackElo "2405"]
[WhiteElo "2401"]

{Analyse ----> Komodo 13.02.} 1. e4 c6 2. d4 g6 3. Nc3 d5 4. h3 {Buchende}
Nh6 5. Nf3 {Buchbewertung Tasc R40 V 2.5: +0,85} f6 {Buchende} 6. Bd3
dxe4?? {Caro Cann ist eine von MCGE kaum gespielte Eröffnung und wenn man
sich diese Variante ansieht, kann man es verstehen, der MCGE kann überhaupt
nichts mit dieser ungewöhnlichen Variante mit 4. Sh6 ? anfangen und greift
gleich im 1. berechneten Zug meilenweit daneben, eine grottenschlechte
Eröffnung von MCGE, ein Verlustzug, nach dem Textzug ist die Partie bereits
nach dem 1. berechneten Zug verloren, Komodo -1,60 !!, es war ohnehin eine
ganz schlechte Eröffnung, hier muss ich meinen Vorwurf an die Buchmacher
wiederholen, allerdings hier trägt auch das Programm eine Teilschuld, denn
den Schaden begrenzen konnte noch der weit bessere Zug 6. Sf7, danach wäre
der Schaden nur halb so gross gewesen mit ca. -0,80} 7. Nxe4 Bg7 8. O-O Nf7
9. Qe2 O-O 10. Bd2 {besser ist Sc5, der Textzug büsst ca. 0,6
Bauerneinheiten (1/3 des Vorteiles) ein, dennoch steht Weiss klar besser,
Komodo +1,20} Nd7 11. Rfe1 Nb6 12. c4 e5? {ein schlechter Zug, besser ist
Te8 (leider verwirft das MCGE im letzten Augenblick noch), Komodo -1,60,
danach ist die Partie praktisch wieder verloren} 13. dxe5 Nxe5?? {jetzt hat
MCGE völlig die Orientierung verloren, ein Verlustzug danach ist bereits
alles vorbei, Komodo -2,30, deutlich mehr Widerstand leistet noch fxe5 mit
ca. -1,60} 14. Nxe5 fxe5 15. Bb4 Rf4 16. Rad1 Be6 17. Bc2 Nd7 18. Ba3 Qb6??
{ganz schlecht, verschlimmert die Lage nochmals ordentlich, deutlich besser
ist Lf8, Komodo -2,80, hier geht bereits nach g3 die Qualität verloren,
hier müsste schon Txe4 folgen} 19. Bb3 Qc7??? {MCGE stolpert nur noch durch
diese Partie und macht nur noch gravierende Fehler, nach diesem Zug könnte
man bereits den Stecker ziehen, den Rest kommentiere ich hier nicht mehr,
es sei denn, Tasc R40 vergurkt das noch irgendwie, Komodo -5,00 !!! mit der
Fortsetzung Sg5, weit besser ist noch c5 verliert aber auch schon mit ca.
-2,70} 20. Ng5! {Tasc R40 sieht bereits klar den Gewinn: +2,19 !!} Bf7
{MCGE zeigt zumindest ein wenig Einsicht: -1,53, aber jetzt kein Kommentar
mehr dazu} 21. Nxf7 Rxf7 {Rest geschenkt, eine absolut unwürdige Vorstellung von MCGE, kann mich kaum mal erinnern eine derartig katastrophale Leistung von ihm gesehen zu haben, eine der schlechtesten Partien EVER !!} 1-0
[/pgn]
[PGN]

[Event "Turnier 40 /120"]
[Site "Wien"]
[Date "2021.08.27"]
[Round "7"]
[White "Mephisto Phönix - Tasc R 40 V 2.5 Aktiv - 40 MHZ"]
[Black "MCGE ARM CORTEX M7 - 300 MHZ"]
[Result "0-1"]
[BlackElo "2405"]
[WhiteElo "2401"]

{Analyse -----> Komodo 13.02.} 1. Nf3 e6 2. d4 {Buchende} c5 3. e4 cxd4 4.
Nxd4 {Tasc wieder im Buch} Nf6 5. Nc3 Nc6 6. a3 {Buchende} d6 {Buchende} 7.
Nxc6 {Buchbewertung Tasc R40 V 2.5: +0,54} bxc6 {Buchbewertung MCGE: +0,04
/ lt. Komodo ist die Stellung im Lot, diese Eröffnung wurd auch im Match
gegen Tasc R30 V 2.5 gespielt, damals konnte MCGE gewinnen.} 8. Be3 d5 9.
Be2 Be7 10. O-O Nxe4 11. Nxe4 dxe4 12. Qxd8+ Bxd8 13. f3 {weniger gut,
Weiss sollte Schwarz hier nicht von dem Doppelbauern befreiten, besser ist
entweder Lc4 oder Tad1} exf3 14. Bxf3 Bb7 15. c4 Bb6 16. c5 Bc7 17. Rad1 a5
18. Bh5 g6 19. Bf3 f6 20. g3 {hier weicht die Partie nun ab von jener gegen
Tasc R30 V 2.5, der zog damals 20. Lg4} Ke7 21. Bd4? {weniger gut, besser
ist b4, Komodo -0,80} e5 22. Be3 Rhd8 23. Rc1 Rd3 24. Bh6 Rb8 25. Rf2 Ba8
26. Rcf1 f5 27. Bg5+ Kf7 28. Rc1? {ein schwacher Zug, Komodo -1,30,
deutlich besser ist Te1} Kg7 {besser ist Ld8, Komodo +1,00} 29. Be2 Rd4 30.
Bc4 a4 31. Be3 Re4 {besser ist Td7, Komodo +0,70} 32. Bd2 Rd8 33. Bg5? {ein
schwacher Zug, klar vorzuziehen ist Lf1, Komodo -1,20} Rd7?? {ein ganz
schlechter Zug, der den Vorteil von Schwarz mehr als halbiert, Komodo
+0,50, nötig war T8d4} 34. Be6? {ebenfalls ganz schwach, danach ist Schwarz
wieder klar im Vorteil, Komodo -1,20, nötig war Td2} Rd3 35. Bd2 Bd8 36.
Ba2 Rd7 37. Be6 Rb7 38. Bc8?? {ein grottenschlechter Zug, danach ist die
Partie praktisch schon verloren, Komodo -1,60 mit der Fortsetzung Ta7,
nötig war Kg2 mit ca. -1,00} Ra7! 39. Be6? {verschlimmert nochmals die Lage
für Weiss, deutlich besser ist noch Td1, Komodo -2,20} Be7 40. h4 h5 41.
Kg2 Bb7 42. Kf3?? {ein Verlustzug, danach ist die Partie praktisch
verloren, Komodo -3,50 mit der Fortsetzung La6, mehr Widerstand leistet
noch Lg5 mit ca. -2,30} Ba6! 43. Be3 Bf8 44. Bg5 Rd4 45. Kg2 Bd3 46. Be3
Be4+ 47. Kh2 Rd3 48. Re2 Bf3 49. Ree1 Rb7 50. Rc2 Be7 51. Bc4 Rdd7 52. Be6
Rd8 53. Bc1 e4 54. Rf1 Bd1 {Komodo +4,00} 55. Bc8??? {es ist schon egal,
dennoch ist auch das nochmals ein Katastrophenzug, der ganze 4
Bauerneinheiten einbüsst, Komodo -8,00, mehr Widerstand leistet noch Tg2,
aber wahrscheinlich will der R40 den schnellen Freitod lieber als das
langsame Leid -:)} Rb8 56. Rd2 Rxd2+ 57. Bxd2 Bf3 58. Ba6 Rxb2 59. Rf2 Rb1
60. Rf1 Rxf1 61. Bxf1 Bxc5 {Rest geschenkt} 0-1
[/PGN]
[pgn]

[Event "Turnier 40/120"]
[Site "Wien"]
[Date "2021.04.20"]
[Round "16"]
[White "MCGE ARM CORTEX M7 - 300 MHZ"]
[Black "Mephisto Phönix - TASC R40 V 2.5 AKTIV - 40 MHZ"]
[Result "1-0"]
[BlackElo "2401"]
[WhiteElo "2405"]

{Analyse ----> Komodo 13.02.} 1. d4 d5 2. Nf3 c6 {Buchende} 3. Bf4 Nf6
{Buchbewertung Tasc R40 V 2.5: -0,47, diese Eröffnung gab es auch gegen
Tasc R30 V 2.5 hier kommt aber sofort die Abweichung zu dieser Partie, R30
spielte damals komischerweise 2x in dieser Eröffnung anders, 1x zog er 3.
e6 und 1x das absurde Bauernopfer 3. e5 ?, na egal, jedenfalls verläuft
diese Partie hier schon ganz anders, R30 hatte damals beide Varianten
verloren.} 4. e3 Nh5 5. Be5 {Buchbewertung MCGE: +0,46 / Komodo schätzt es
genau wie die beiden Geräte ein: +0,50 für Weiss} Nd7 6. Bd3 Qb6 7. b3 f6
8. Bg3 {hier hätte Sg5 !! zu etwas Vorteil für Weiss geführt, Tasc R40
hatte das auch vorgeschlagen und sah sich mit -0,49 im Nachteil, nach dem
Textzug ist die Stellung etwa gleich, aber für ein Fragezeichen reicht es
hier nicht so viel schlechter ist der auch nicht} e5 9. dxe5 fxe5 {etwas
besser ist Sxg3, Komodo -0,50} 10. Bxe5 Nxe5 11. Nxe5 {Weiss steht nicht
viel besser nur mit ca. +0,50 aber immerhin es ist mal ein Mehrbauer} Nf6
12. c3 Bd6 13. Nf3 O-O 14. Nbd2 Bd7 15. c4 Rae8 16. cxd5? {ein ganz
schwacher Zug, danach ist jeglicher Vorteil dahin, deutlich besser ist 0-0}
cxd5 17. O-O Bb4? {auch nicht gerade das Gelbe vom Ei, danach ist Weiss
wieder leicht im Vorteil, Komodo -0,60, deutlich besser ist Sg4} 18. Rc1?
{ein Fehler, danach könnte Schwarz bereits das Remis sicherstellen, mit der
Fortsetzung Txe3 !!, die bereits sicher zum Remis führt, aber gut, das muss
ein Oldie aber auch erst mal sehen und ich denke auch für einen Menschen
ist das alles andere als leicht.} Qa5 {erwartungsgemäß kommt Tasc R40 nicht
auf Txe3, aber hier kein grosser Vorwurf, der Textzug ist aber auch eher
schwach, Komodo -0,90} 19. a4 Kh8 20. Nb1 Bg4 21. Be2 Ne4 22. Qd4 {klar
vorzuziehen ist Sd4, Komodo +0,50} a6 23. Rc2 {besser ist Dd1, nach dem
Textzug ist die Stellung im Lot, Komodo 0,00} Bf5 24. Nh4 Be6 25. Bh5 Rc8
26. Rxc8 Bxc8 27. Be2 Be7 28. Nf3 Bf6 29. Qd1 Bd7 30. Qd3 Bf5 31. b4 Qxb4
32. Qxd5 g6 33. Qc4? {nicht ideal, danach steht Schwarz bereits etwas
besser, Komodo -0,60 mit der Fortsetzung Dxc4, besser ist Da2 mit
Ausgleich} Qxc4 34. Bxc4 Nc5 35. Nbd2? {ein schlechter Zug, danach steht
Schwarz bereits klar besser, Komodo -1,00, deutlich besser ist a5} Rd8?
{völlig unverständlich, gibt einen Grossteil des Vorteiles ab, Komodo nur
noch +0,30 für Schwarz, warum um Gottes willen nicht Sxa4 ? und Schwarz hat
bereits 2 geschlossene Freibauern} 36. Bb3 {klar vorzuziehen ist a5, Komodo
-0,70} b6 37. Bc4 a5 38. Bb5 Bd3 39. Bxd3 Rxd3 40. Rb1 Nxa4 41. Kf1 {Weiss
konnte seine Stellung wieder konsolidieren, Schwarz ist nur noch knapp im
Vorteil mit ca. +0,30} Kg7 42. Nc4 Rd8 43. e4 Nc3 44. Rxb6 Rd1+ 45. Ne1
Nxe4 46. Rb7+ Kg8 47. Ke2? {das bringt rein gar nichts, nach Sc3+ muss ja
der König sofort wieder zurück nach f1, mit Tb8+ hätte sich Weiss bereits
dem Ausgleich genähert mit nur -0,20, Komodo -0,80} Nc3+ {na klar, was
sonst} 48. Kf1 a4 49. Rb8+? {völlig sinnlos, treibt ja nur den schwarzen
König in eine bessere Position, anstatt ihn weiterhin auf der letzten Reihe
eingesperrt zu halten, besser ist natürlich Se3, Komodo -1,00} Kf7 50. Rb7+
Be7 51. Ra7 Rc1? {ein schwacher Zug, deutlich besser ist Ke8, Komodo +0,40}
52. h3 {weniger gut mit f4 hätte sich Weiss dem Ausgleich genähert mit ca.
-0,40, Komodo -0,80} Rb1 53. g3 Ke8 54. Ra8+ Kd7 55. Ra7+ Ke6?? {völlig
falsch, verspielt jeglichen Vorteil, danach ist die Partie Remis, Komodo
0,00, nötig war Kd8 mit klarem Vorteil für Schwarz mit ca. +1,10} 56. Ra6+
Kf5 57. g4+ Kg5 58. Nd2 Rd1 59. Nf3+ Kh6 60. Ra7 Bg5 61. Kg2 Bf6 62. Nc2 g5
63. Ne3 Rb1 64. Ra6 Kg7 65. Nf5+ Kf7 66. Nd6+ Kf8 67. Ra7 Kg8? {weniger
gut, deutlich besser ist Tb6 und das Remis ist gesichert, nach dem Textzug
ist Weiss etwas im Vorteil, Komodo -0,70} 68. Ra8+ Kg7 69. Ne8+ Kf7 70.
Nxf6 Kxf6 71. Ra6+ Ke7 72. Nxg5 h6? {weniger gut, nach Td1 hätte sich
Schwarz dem Ausgleich genähert, nach dem Textzug ist Weiss wieder im
Vorteil mit ca. +1,00} 73. Nf3 Rd1 74. Nh4?? {ein grottenschlechter Zug,
der klaren Vorteil verschenkt, danach ist die Partie Remis, Komodo 0,00,
deutlichen Vorteil versprach Se5} Kd7 75. Nf5 h5??? {ein absoluter
Verlustzug, danach ist die Partie schlicht verloren, Komodo -3,30, das
Remis gesichert hätte Kc7} 76. gxh5 Rd5 77. Ng3? {klar schwächer als Sg7,
aber Weiss steht trotzdem klar auf Gewinn, Komodo +2,30} Ke7? {weit
schwächer als Kc7, aber gut das muss man auch erst mal erkennen, dass es
besser ist sich von den feindlichen Bauern zu entfernen, Komodo -4,00, MCGE
hätte allerdings den richtigen Zug Kc7 !! vorgeschlagen} 78. f4 Kf7 79.
Ra7+ Kg8 80. Kf3 Rd3+ 81. Kg4 Rd1 82. h6 Rg1 83. Kh4 Kh8 84. f5 Rd1 85. Nh5
Rd6? {länger überlebt noch Sd5, übersieht ein Matt in 12, gut das ist aber
ausserhalb des machbaren für einen Oldie} 86. f6 Rc6 87. Kg5 Nb5 88. Rd7
Nd4 89. Rxd4 {MCGE: Mattankündigung in 10 / es geht schon in 7 aber
trotzdem eine bemerkenswerte Ansage.} Rc8 {Tasc R40: Selbstmatt in 8} 90.
f7 {MCGE: Matt in 7 / es sind 5} Rc5+ 91. Kg6 Rc8 92. Rf4 Rf8 93. Re4 a3
94. Re8 a2 95. Rxf8# 1-0
[/pgn]
[pgn]

[Event "Turnier 40 / 120"]
[Site "Wien"]
[Date "2021.04.01"]
[Round "18"]
[White "MCGE ARM CORTEX M7 - 300 MHZ"]
[Black "Mephisto Phönix Tasc R40 V 2.5 Aktiv - 40 MHZ"]
[Result "1-0"]
[BlackElo "2401"]
[WhiteElo "2405"]

{Analyse ----> Komodo 13.02.} 1. d4 Nf6 2. g3 d5 3. Bg2 c6 4. Nf3 Bf5
{Buchende} 5. Nbd2 {Buchende} h6 {Buchbewertung Tasc R40 V 2.5: -0,16} 6.
Ne5 {Buchbewertung MCGE: -0,03 / lt. Komodo steht Schwarz eine Nuance
besser mit ca. +0,30, auch diese Eröffnung wurde im Match gegen R30 V 2.5
gespielt, damals konnte MCGE gewinnen.} e6 7. O-O Nbd7 8. Nxd7 Qxd7 9. c4
O-O-O 10. b3 Bb4 11. Bb2 Kb8 12. a3 Bf8? {ein merkwürdiger Zug, eine Figur
zurück in die Startlöcher zu schicken ist sicher nicht optimal, warum nicht
Ld6 oder Le7 ?} 13. b4 Be7 14. Rc1 h5 15. Nf3 Qc7? {ein schlechter Zug,
danach ist Weiss im Vorteil, Komodo -1,20, nötig war De8 mit Ausgleich} 16.
cxd5 exd5 17. b5 Qb6? {klar schwächer als Sfd7, Komodo -1,60} 18. bxc6 Bd6?
{besser ist noch bxc6, Komodo -2,20} 19. Bc3 Rde8?? {Tasc R40 V2.5 erkennt
hier noch keine Gefahr, Bewertung: +0,01, eine völlige Fehleinschätzung,
das muss man schon als Verlustzug bezeichnen, danach ist alles vorbei,
Komodo -4,00, deutlich mehr Widerstand leistet noch Dxc6 mit ca. -2,50} 20.
Ne5 {MCGE sieht sich hingegen bereits klar im Vorteil, Bewertung: +1,87 !!}
Bxa3 21. Ra1 Bb4 22. Bxb4 Qxb4 23. Qc1 Qxd4 {erst hier weicht die Partie
nun ab von jener gegen Tasc R30 V 2.5, hier ist aber längst alles zu spät,
Komodo -9,00 !!} 24. Nxf7 Rhf8 25. Nd6 Qb6 26. Qf4 g5 27. Qxf5 {Rest
geschenkt} 1-0
[/pgn]
[PGN]

[Event "Turnier 40 / 120"]
[Site "DESKTOP-NL3KVDB"]
[Date "2023.03.03"]
[Round "19"]
[White "Mephisto Phönix Tasc R40 V 2.5 Aktiv - 40 MHZ"]
[Black "MCGE ARM CORTEX M7 - 300 MHZ"]
[Result "1/2-1/2"]
[BlackElo "2405"]
[WhiteElo "2401"]

{Analyse ----> Komodo 13.02.} 1. e4 e5 2. f4 {und schon wieder Buchende} d5
3. exd5 e4 4. d3 Qxd5 {Buchende / lt. Komodo steht Weiss etwas besser mit
ca. +0,60} 5. Nc3 Bb4 6. Bd2 Bxc3 7. Bxc3 Kf8??? {ein letztklassiger Zug,
danach ist Weiss bereits klar im Vorteil, Komodo -1,30, nötig ist natürlich
Sf6 mit nur ca. -0,50} 8. g3? {auch nicht gerade das Gelbe vom Ei, halbiert
den Vorteil von Weiss, Komodo +0,60, deutlich besser ist De2} exd3? {ganz
schwach immer noch war Sf6 angesagt, Komodo -1,00} 9. Qxd3 Be6 10. O-O-O
Qxd3 11. Bxd3 Nc6 12. Nf3 Bd5? {ein ganz schlechter Zug, danach ist die
Partie praktisch schon verloren, Komodo -1,60, deutlich besser ist sowohl
Sge7 als auch f6, natürlich muss man aber dazusagen, verloren aus Sicht der
Top-Engine, der Tasc R40 wird es schon noch gewinnen müssen, erledigt ist
das noch nicht} 13. Rhf1 Nge7 14. Ne5 Rd8 15. Rfe1 f6 16. Nxc6 Nxc6 17. Bf5
b6 18. b3 h5??? {ein absoluter Verlustzug, danach ist die Partie sofort
verloren, Komodo -3,50 mit der Fortsetzung Lb2, nötig war Lf3 mit ca.
-1,50} 19. Bb2 Bf3 20. Rxd8+ Nxd8 21. Bg6 Nf7 22. Ba3+ c5 23. b4 Rh6 24.
bxc5?? {ein ganz schlechter Zug, der den Vorteil von Weiss halbiert, nötig
war Ld3, dennoch sollte auch das noch zum Gewinn reichen, Komodo +2,00}
Rxg6 25. cxb6+ Kg8 26. Re8+ Kh7 27. bxa7 h4 28. Kb2? {ein schlechter Zug,
der den Vorteil von Weiss deutlich reduziert, also jetzt muss der Tasc R40
schön langsam aufpassen, dass er das nicht noch vergeigt, Komodo +1,50,
nötig war Lc5 mit ca. +2,30} hxg3 29. hxg3 f5 30. a8=Q {vorzuziehen war
Lc5} Bxa8 31. Rxa8 Rxg3 32. Ra7 Kg6 33. Ra6+ {besser ist Lc5} Kh5 34. Bb4
{immer noch war Lc5 die bessere Wahl} Rg2 35. Bc5 {jetzt nicht mehr, da war
a4 stärker} Re2?? {ein Verlustzug, danach ist die Partie klar verloren,
Komodo -2,60 nötig war entweder Td2 oder Sf8 mit jeweils ca. -1,20} 36. a4?
{das ist voreilig und reduziert den Vorteil von Weiss deutlich, Komodo
+1,50, weit stärker ist Ta7} Re4? {ebenfalls nur zweitklassig, weit mehr
Widerstand leistet Te8, Komodo -2,40} 37. Bf8?? {ein ganz schlechter Zug,
der den Vorteil von Weiss etwa halbiert, Komodo +1,20, weit stärker ist a5}
g6??? {ein Verlustzug, Komodo -2,80, fast jeder andere in Frage kommende
Zug ist besser, nur um einige Beispiele zu nennen: Sd8, Kg4, Txf4, der
Textzug ist praktisch der schlechtestmögliche Zug von allen in Frage
kommenden Zügen !!!} 38. Ra7??? {doch es ist ein weiteres Beispiel für die
Schwierigkeit dieser Partiephase, 1x mehr erweist sich ein Endspiel als
höchst problematisch auch für Oldies der Spitzenklasse, es kann immer
wieder noch etwas passieren, selbst in Stellungen, die nach Top-Engines
bereits gewonnnen / verloren sind, aber halt nicht für einen Oldie, der
Textzug verspielt einen Grossteil des Vorteiles und bringt den sicher
scheinenden Sieg wieder in Gefahr, Komodo "nur" noch +1,20 für Weiss,
sofort gewonnen hätte Tf6 mit ca. +3,00} Nd8 39. Bd6 Nc6 {etwas besser ist
Td4, Komodo -1,60} 40. Rh7+??? {ein grottenschlechter Zug, der den gesamten
Vorteil auf einen Schlag verspielt, Komodo 0,00 !!, nötig war Ta6 mit ca.
+1,70} Kg4 41. Ka3 Nd4 {nicht optimal, besser ist natürlich einfach Te3+
und der schwarze König muss retour auf die 2. Reihe} 42. Rh2 Re6 43. Bb8
{danach ist die Partie Remsi, Komodo 0,00} Rc6 44. Be5 {besser ist c4, hier
könnte Schwarz sogar leicht in Vorteil kommen mittels Sf3, das verpasst
aber MCGE} Nxc2+ 45. Kb3 Ne1 46. Rd2 Nf3 47. Rd6 Nxe5 48. fxe5 Rc7 49.
Rxg6+ Kf4 50. e6 Ke5 51. a5 f4 52. Kb4 f3 53. Rg3 Kf4 54. Rg6 f2 55. Rf6+
Ke3 56. a6 Ke2 57. Kb5 f1=Q 58. Rxf1 Kxf1 59. Kb6 Re7 60. a7 Rxe6+ 1/2-1/2
[/PGN]
[pgn]